Čo je múdrosť? veda zatiaľ veľa nezistila

Bibliographic Details
Main Author: Urban, Zdeněk (Author)
Format: Article
Language:Slovak
PhysicalDescription:Obr.
ISSN:1335-4620
Subjects:

MARC

LEADER 00000nab a2200000 ar4500
001 vtls009004765
003 SK-MaSNL
005 20260303065646.0
008 070703c2007 xo er|p|||||||000 b|slo
015 |a SNBRB2007/07  |2 snkbucl 
038 |a SNKBUCL 
040 |a SNKBUCL  |b slo  |c SNKBUCL  |e AACR2 
041 0 |a slo 
044 |a xo  |c SK 
080 |a 179.9  |2 2001 
080 |a 165.24  |2 2001 
100 1 |a Urban, Zdeněk  |4 aut  |9 589063 
245 1 0 |a Čo je múdrosť?  |b veda zatiaľ veľa nezistila  |c Zdeněk Urban 
300 |b Obr. 
650 0 7 |a múdrosť  |2 snkbucl  |9 67331 
773 0 |t Profit  |g Č. 12 (2007), s. 58-59  |x 1335-4620 
852 |a SNK  |b KIS3GCP 
999 |c 1752084  |d 1754014